00621nam a22001937a 450000500170000000800410001701000140005802000260007203500130009803700130011104000080012405000100013210000210014224000550016324500970021826000420031527000450035730000250040220230320151532.0970904m19271929ii a 001 0aeng  aENG-95691 a9788184950588c225.00 aEN-79224 aDBAD/PUB aDPL a158.2 aMaxwell, John C. aSatyanā prayogo athavā ātmakathā.lEnglish aBe a people personcby John C. MaxwellbEffective leadership through effective relationships aMumbaibJaico Publishing House,c2009 aA-2, Jash chambers, FortbMumbaie400001 a192p. ;c22 cm.(Pbk)